Actors who worked with Antoine Fuqua - Statistics

General Stats
  • This quiz has been taken 27 times
  • The average score is 18 of 72
Answer Stats
Films Answer % Correct
Training Day, The Equalizer, The Magnificent Seven, The Equalizer 2, The Equalizer 3 Denzel Washington
100%
The Magnificent Seven Chris Pratt
91%
Training Day, Brooklyn's Finest, The Magnificent Seven, The Guilty Ethan Hawke
91%
Southpaw, The Guilty Jake Gyllenhaal
64%
Shooter, Infinite Mark Wahlberg
64%
Olympus Has Fallen Morgan Freeman
64%
Emancipation Will Smith
64%
Tears of the Sun Bruce Willis
55%
The Equalizer 3 Dakota Fanning
55%
Olympus Has Fallen Gerard Butler
55%
Olympus Has Fallen Aaron Eckhart
45%
Infinite Chiwetel Ejiofor
45%
The Equalizer Chloë Grace Moretz
45%
Bait Jamie Foxx
45%
King Arthur Keira Knightley
45%
The Equalizer 2 Pedro Pascal
45%
Training Day Cliff Curtis
36%
King Arthur Clive Owen
36%
The Equalizer David Harbour
36%
Brooklyn's Finest Don Cheadle
36%
Southpaw Forest Whitaker
36%
Southpaw Naomie Harris
36%
Training Day Snoop Dogg
36%
The Replacement Killers Chow Yun-fat
27%
Shooter Kate Mara
27%
Tears of the Sun Monica Bellucci
27%
The Magnificent Seven, The Guilty Peter Sarsgaard
27%
Brooklyn's Finest Richard Gere
27%
Infinite Toby Jones
27%
Brooklyn's Finest Wesley Snipes
27%
Olympus Has Fallen Angela Bassett
18%
Emancipation Ben Foster
18%
The Guilty Bill Burr
18%
The Equalizer, The Equalizer 2 Bill Pullman
18%
Michael Colman Domingo
18%
Shooter Danny Glover
18%
The Replacement Killers Danny Trejo
18%
Infinite Dylan O'Brien
18%
Training Day Eva Mendes
18%
The Equalizer, The Magnificent Seven Haley Bennett
18%
The Equalizer Marton Csokas
18%
Shooter Michael Peña
18%
The Replacement Killers Michael Rooker
18%
The Replacement Killers Mira Sorvino
18%
The Guilty Paul Dano
18%
Olympus Has Fallen Ashley Judd
9%
King Arthur Joel Edgerton
9%
King Arthur Mads Mikkelsen
9%
The Magnificent Seven Matt Bomer
9%
The Equalizer, The Equalizer 2 Melissa Leo
9%
Brooklyn's Finest Michael K. Williams
9%
Bait Mike Epps
9%
The Equalizer 2 Orson Bean
9%
Olympus Has Fallen Robert Forster
9%
Training Day Scott Glenn
9%
Emancipation Steven Ogg
9%
The Equalizer 2 Ashton Sanders
0%
The Replacement Killers Clifton Collins Jr.
0%
Tears of the Sun Cole Hauser
0%
The Guilty Da'Vine Joy Randolph
0%
Brooklyn's Finest Ellen Barkin
0%
Michael Miles Teller
0%
Shooter Ned Beatty
0%
King Arthur Ray Stevenson
0%
King Arthur Ray Winstone
0%
Southpaw Rita Ora
0%
Infinite Rupert Friend
0%
Infinite Sophie Cookson
0%
King Arthur Stellan Skarsgård
0%
Shooter Tate Donovan
0%
Tears of the Sun Tom Skerritt
0%
Brooklyn's Finest Will Patton
0%
No matching quizzes found
Score Distribution
Percent of People with Each Score
Percentile by Number Answered
Your Score History
You have not taken this quiz